000 00919nam a2200253Ia 4500
003 OSt
005 20221005112623.0
006 a|||||r|||| 00| 0
007 ta
008 221004b |||||||| |||| 00| 0 pan d
020 _a9789382837947 (hbk)
_cINR 250.00
024 _a66103
037 _b1166, 30/12/2019, H.K. Prakashan
_cTextual
040 _aCRL
_cCRL
_bpan
041 _2pan
_apan
082 _aO168,3N62,NJ, 153Q9
100 _aਹਿਨਾ, ਗ਼ਾਹਿਦਾ, ਂਚ.
245 0 _aਨਾ ਜੁੱ ਰਹਾ ਨਾ ਪਰੀ ਰਹੀ
260 _aਚੰਡੀਗੜ੍ਰ`
_bਲੋਕਗੀਤ ਪ੍ਰਕਾFਨ ਭਾਰਤ
_c2019
300 _a133ਪ੍ਰ0
_ccm.
650 _aਉਰਦੂ ਸਾਹਿਤ
942 _hO168,3N62,NJ, 153Q9
_cTEXL
_2cc
999 _c1025433
_d1025433